Регионална библиотека "Любен Каравелов" - Русе

Мане (Запис номер 208667)

MARC детайли
000 -Лидер
Контролно поле с фиксирана дължина 01312nkm a2200361 c 4500
003 - Код на организацията, давaща контролен номер
Контролно поле BLK
005 - Дата и час на последна редакция
Контролно поле 20210211112540.0
008 - Елементи от данни с фиксирана дължина
fixed length control field 180412b bul rap|r|||| r0| ||bulo|
010 ## - Наследен системен номер
LC control number KNG00046577000
020 ## - Международен стандартен номер на книга ISBN
Международен стандартен номер на книга ISBN 5-7793-0187-5
040 ## - Източник на каталожния запис
Идентификатор на билиотеката - собственик на записа BLK
041 ## - Код за език
Код за езика на текст/звукозапис или на отделно заглавие Руски
Код за езика КДБФ Руски
080 ## - УДК
Текстов определител УДК Живопис - художници
УДК код - определител по УДК 75.071.1
УДК определител (44)(092)(084)
УДК - код + определител 75.071.1(44)(092)(084)
080 ## - УДК
Текстов определител УДК Френски художник импресионист(1832-1883)
УДК код - определител по УДК 929 Мане, Едуар
УДК - код + определител 929 Мане, Едуар
100 1# - Редна дума - Автор
Автор Николетти, Джованна
Авторска отговорност първи автор
R(LIN) 102513
139 ## - Редно поле
Редна дума Николетти, Джованна
Авторски знак Ман - М 25
Filing suffix М 25 Е
Feature heading М 25 Е
245 10 - Сведения за заглавието
Заглавие Мане
Редно поле (дума) Джованна Николетти.
257 ## - Страна на издаване
Страна на създаване/издаване Русия
260 ## - Област на издателските данни
Име на издателя, разпространителя и проч. Белый город
Година на издаване 2000
300 ## - Физическа характеристика
Страници 64 с.
Илюстрации и др. ил.
Размери/Мащаб 32 см
380 ## - Жанр
Жанр Изкуство
490 1# - СЕРИИ (Колекции)
Име на серия Мастера живописи
600 14 - Име на лице, използвано като предмет
За него / За нея Мане, Едуар
9 (RLIN) 91964
600 14 - Име на лице, използвано като предмет
За него / За нея Manet, Edouard
9 (RLIN) 17723
650 #4 - Допълнително описание по предмет – тема
Основно описание – тема или топоним Художници, френски - албуми
9 (RLIN) 253572
653 ## - Ключова дума – ненормативна
Ключова дума Едуар Мане
653 ## - Ключова дума – ненормативна
Ключова дума художници
653 ## - Ключова дума – ненормативна
Ключова дума импресионизъм
852 ## - Местоположение
Форматна сигнатура Цб Гр А ІІ 4137
856 4# - Електронен адрес и достъп
Електронен формат pdf - файл
Път до файла /url/
856 4# - Електронен адрес и достъп
Електронен формат pdf - файл
Път до файла /url/
999 ## - СИСТЕМНИ КОНТРОЛНИ НОМЕРА
Koha biblionumber 208667
Koha biblioitemnumber 208667
942 ## - АРТИКУЛИ
Вид на библиотечния материал Графични издания
Скрит в OPAC Не
Периодичен библиозапис Да
944 ## - СЪЗДАВАНЕ И РЕДАКЦИЯ на ЗАПИСА
Създаване/Редакция Създаване
Дата на регистрацията/редакция 01.01.2000
Служител, извършил регистрацията/редакцията Ирена_Линкова
944 ## - СЪЗДАВАНЕ И РЕДАКЦИЯ на ЗАПИСА
Създаване/Редакция Редакция
Дата на регистрацията/редакция 31.05.2012
999 ## - СИСТЕМНИ КОНТРОЛНИ НОМЕРА
Koha biblioitemnumber 208667
999 ## - СИСТЕМНИ КОНТРОЛНИ НОМЕРА
Koha biblioitemnumber 208667
Наличности
Код за отписване Код за изгубен артикул Източник на класификационната схема Код за повреда Коз за рестрикции Код за отдаване Артикулен № Име на библиотеката - собственик Име на библиотеката, в която се намира в момента Статус (Текущо местоположение) Дата на вписване в системата Местоположение - отдел Цена в лева Инвентарен номер Систематично азбучна сигнатура Баркод Номер на екземпляра Цена в евро Служебна бележка Служебен тип на артикула
  Не е изгубен Universal Decimal Classification Не е повреден без рестрикции заемане за дома 359769 Регионална библиотека "Любен Каравелов" Русе Регионална библиотека "Любен Каравелов" Русе Отдел Изкуство - подръчен фонд 2001-01-01 Отдел Изкуство - подръчен фонд 8.60 663457 75(092)/М 25 Е 120000663457 1 4.40 Дост: Pk Вид: Ф N: стар фонд Дата: 01.01.2000 Дата инв: 04.06.2015 Бележки инв: ГрИ2015 Графични издания
Vip Innovations Ltd, Rousse, Bulgaria 2025